000 00348nam a2200145Ia 4500
008 230917s9999||||xx |||||||||||||| ||und||
040 _e105312
_aMAIN
041 _aEnglish
082 _a954.5 G346R
100 _aGhurye, G.S.
245 0 _aRajpiut Architecture
260 _aBombay
_bPopular Prakashan
_c1968
300 _a132p p.
942 _cBK
999 _c128604
_d128604